Really Hard Geography Questions #4 - Statistics

General Stats
  • This quiz has been taken 2,790 times
    2,114 since last reset
  • The average score is 10 of 39
Answer Stats
Question Answer % Correct
Saskatchewan is a part of which country? Canada
84%
Tokelau has more people than what country? Vatican City
77%
After Australia, Papua New Guinea, and New Zealand, what is the most populous country in Oceania? Fiji
72%
Ellsmere is the tenth largest what in the world? Island
56%
What is a triangular peninsula in Egypt that borders the Red Sea? Sinai Peninsula
52%
The United Arab Emirates are separated into what? Emirates
51%
Liechtenstein is referred to as "doubly landlocked". This means it is landlocked, and is bordered by only landlocked countries. What is the only other "doubly landlocked" country? Uzbekistan
48%
Transnistria is a disputed region of which country? Moldova
42%
How many world capitals begin with "m"? 20
41%
What is the largest ancestry group in Michigan, USA? German
40%
Zheng He was a fleet admiral during what Chinese dynasty? Ming Dynasty
40%
The only royal palace used by a monarch in the US is located where? Hawaii
35%
What was Burkina Faso's former name? Upper Volta
35%
What mountain range is Sochi located in? Caucasus
34%
Orote Point is the westernmost point of what country? United States
33%
What is the world's tallest mountain, not above sea level? Mauna Kea
27%
Hiri Motu and Tok Pisin are main languages in which country? Papua New Guinea
22%
After Warsaw, which city has the biggest Polish population? Chicago
19%
What is the world capital that has the smallest population? Ngerulmud
18%
The majority of the Humboldt Current lies off the coast of what country? Peru
18%
Huehuetenango is one of the 22 departments of what country? Guatemala
15%
Salt is an agricultural and administrative city in what country? Jordan
15%
The Biltmore, a large house in the Vanderbilt family, is in which state? North Carolina
14%
Kapingaramangi is a part of what country? Micronesia
13%
Hilsa, or Ilish, is the national fish of what country? Bangladesh
8%
Where were the 1924 Winter Olympics held? Chamonix
8%
What is the major city on the Manzanares River? Madrid
8%
How many counties does Chicago have? 64
7%
The Great Bitter lake is part of what? Suez Canal
7%
Bahr el Ghazal is a part of which country? South Sudan
6%
The Dahlak Archipelago is known for it's pearls, and is a part of what country? Eritrea
5%
What is the capital of Nagorno-Karabakh? Stepanakert
5%
Abshir Ata and Barskoon are two examples of what in Kyrgyzstan? Waterfall
4%
The Castle of Almourol lies on the banks on what river? Tagus River
3%
Nu'uuli is the second biggest city where? American Samoa
1%
Noumea, the capital of New Caledonia, is located on what island? Grand Terre
1%
Kupang is the largest city on what sea? Savu Sea
1%
What is the second biggest ethnic group in Armernia? Yazidis
1%
What body of water separates Chile from the Chiloe Islands? Gulf of Ancud
0%
No matching quizzes found
Score Distribution
Percent of People with Each Score
Percentile by Number Answered
Your Score History
You have not taken this quiz since the last reset